|
|
|
|
| LEADER |
01103nam a2200301Ia 4500 |
| 001 |
EBC3117772 |
| 003 |
MiAaPQ |
| 005 |
20200520144314.0 |
| 006 |
m o d | |
| 007 |
cr cn||||||||| |
| 008 |
800124r20011848onc s 000 0 eng d |
| 035 |
|
|
|a (MiAaPQ)EBC3117772
|
| 035 |
|
|
|a (Au-PeEL)EBL3117772
|
| 035 |
|
|
|a (CaPaEBR)ebr5000114
|
| 035 |
|
|
|a (OCoLC)842962669
|
| 040 |
|
|
|a MiAaPQ
|c MiAaPQ
|d MiAaPQ
|
| 050 |
|
4 |
|a HB161
|b .M6 2001
|
| 100 |
1 |
|
|a Mill, John Stuart,
|d 1806-1873.
|
| 245 |
1 |
4 |
|a The Principles of political economy
|h [electronic resource] /
|c John Stuart Mill.
|
| 260 |
|
|
|a Kitchener, Ont. :
|b Batoche,
|c 2001.
|
| 300 |
|
|
|a 1136 p.
|
| 500 |
|
|
|a Originally published : [S.l. : s.n.], 1848.
|
| 533 |
|
|
|a Electronic reproduction. Ann Arbor, MI : ProQuest, 2015. Available via World Wide Web. Access may be limited to ProQuest affiliated libraries.
|
| 650 |
|
0 |
|a Economics.
|
| 650 |
|
0 |
|a Classical school of economics.
|
| 655 |
|
4 |
|a Electronic books.
|
| 710 |
2 |
|
|a ProQuest (Firm)
|
| 856 |
4 |
0 |
|u https://ebookcentral.proquest.com/lib/matrademy/detail.action?docID=3117772
|z Click to View
|